Score 0/16 Timer 03:00
0 Plays Today
Hint Answer % Correct
ActorGreat
98.1%
ActorSundance
96.1%
DirectorRiver
94.5%
DirectorHorse
93.3%
ActorWay
92.4%
DirectorKeep
86.1%
ActorIndecent
85.3%
DirectorLegend
80%
Hint Answer % Correct
DirectorShow
77.4%
ActorAfrica
74.9%
DirectorOrdinary
71%
ActorPark
68.9%
ActorThree
42.3%
DirectorWar
39.8%
DirectorLambs
33.7%
ActorLast
32.8%

Today's Daily Dose

Remove Ads.
Support Sporcle.
Get the best of Sporcle when you Go Orange. This ad-free experience offers more features, more stats, and more fun while also helping to support Sporcle. Thank you for becoming a member.

You're not logged in!

Compare scores with friends on all Sporcle quizzes.
OR
Log In

Show Comments

Extras

Top Quizzes Today


Score Distribution

Your Account Isn't Verified!

In order to create a playlist on Sporcle, you need to verify the email address you used during registration. Go to your Sporcle Settings to finish the process.

Report this User

Report this user for behavior that violates our Community Guidelines.

Details: